00765cam a2200217 a 450000100100000000500170001000800410002702000150006804000180008308200180010110000390011924500600015824600370021826000330025530000270028865000300031565000320034591000340037795201210041199900150053200000493720200929151535.0030228s2002 pn a 001 p spa  a9962022908 aDO-SdBNPcDLC aP861.5bJ614v1 aJiménez Vélez, Victoria91426110aVoces, destellos y humus /cVictoria Jiménez Vélez.13aSobre la libertad y otras ideas. aPanamá :bAlvarado,c2002. a90 p. :bil. ;c22 cm. 4aPoesía panameña94260 4aLiteratura panameña94261 aCatalogación por copia / LC 001052708MOaGRbGRcCTd2009-07-27iLF1l0oP861.5 J614vp4937-10r2020-06-25w2020-06-25y2ZPréstamo interno c4743d4743